| 000 | 01493cam a2200337 i 4500 | ||
|---|---|---|---|
| 001 | 19742768 | ||
| 003 | NUST | ||
| 005 | 20220817150122.0 | ||
| 008 | 170621t20192019maua b 001 0 eng | ||
| 010 | _a 2017029889 | ||
| 020 | _a9781284120097 (casebound : alk. paper) | ||
| 020 | _a1284120090 (casebound : alk. paper) | ||
| 040 |
_aDLC _beng _cDLC _erda _dDLC |
||
| 042 | _apcc | ||
| 050 | 0 | 0 |
_aQA184.2 _b.W55 2019 |
| 082 | 0 | 0 |
_a512.5, WIL _223 |
| 100 | 1 |
_aWilliams, Gareth, _d1937- _eauthor. _94601 |
|
| 245 | 1 | 0 |
_aLinear algebra with applications / _cGareth Williams, PhD, Professor Emeritus, Stetson University, DeLand, Florida. |
| 250 | _aNinth edition. | ||
| 264 | 1 |
_aBurlington, Massachusetts : _bJones & Bartlett Learning, _c[2019] |
|
| 264 | 4 | _c©2019 | |
| 300 |
_axvii, 594 pages : _billustrations (some color) ; _c29 cm |
||
| 336 |
_atext _btxt _2rdacontent |
||
| 337 |
_aunmediated _bn _2rdamedia |
||
| 338 |
_avolume _bnc _2rdacarrier |
||
| 505 | 0 | _aLinear equations and vectors (Page-5), Matrices and linear transformations (Page-69),Determinants and eigenvectors (Page-163),General vector spaces (Page-213), Coordinate representations (Page-299),Inner product spaces (Page-349),Numerical methods (Page-387), Linear programming (Page-437). | |
| 650 | 0 |
_aAlgebras, Linear _vTextbooks. _94602 |
|
| 906 |
_a7 _bcbc _corignew _d1 _eecip _f20 _gy-gencatlg |
||
| 942 |
_2ddc _cBK |
||
| 999 |
_c591187 _d591187 |
||